| 000 | 01450nam a22003135a 4500 | ||
|---|---|---|---|
| 003 | OSt | ||
| 005 | 20160922135959.0 | ||
| 008 | 160922s2011 ua frb 000 0 ara d | ||
| 015 | _a2011/16334 | ||
| 020 | _a9789770318998 | ||
| 040 |
_aEG-ScBUE _bara _cEG-ScBUE |
||
| 043 | _af-ua--- | ||
| 082 | 0 | 4 |
_a344.62041 _bأ و د _222 |
| 100 | 1 |
_aأودن، سمير عبد السميع سليمان. _941153 |
|
| 245 | 1 | 0 |
_aالمسئولية القانونية للطبيب والمستشفى والصيدلي : _bمع شرح قانون تنظيم زراعة الأعضاء رقم 5 لسنة 2010 / _cسمير عبد السميع الأودن. |
| 246 | 3 | 3 | _aموسوعة القانونية للطبيب والمستشفى |
| 260 |
_aالإسكندرية : _bمنشأة المعارف، _c2011. |
||
| 300 |
_a501 ص. ؛ _c24 سم. |
||
| 500 | _aيشتمل على ملاحق. | ||
| 504 | _aيشتمل على إرجاعات ببليوجرافية. | ||
| 650 | 7 |
_aالمسئولية الجنائية للأطباء _zمصر. _2BUEsh _941154 |
|
| 650 | 7 |
_aالطب _xقوانين وتشريعات _zمصر. _2BUEsh _941155 |
|
| 650 | 7 |
_aزراعة الأعضاء والأنسجة _xقوانين وتشريعات _zمصر. _2BUEsh _941144 |
|
| 650 | 7 |
_aالمستشفيات _zمصر. _2BUEsh _941157 |
|
| 650 | 7 |
_aالصيدلانيون _xالوضع القانوني _zمصر. _2BUEsh _941158 |
|
| 651 | _2BUEsh | ||
| 653 |
_bLLAAWW _cSeptember2016 |
||
| 942 | _2ddc | ||
| 999 |
_c22377 _d22349 |
||